| 000 | 00919nam a22002177a 4500 | ||
|---|---|---|---|
| 999 |
_c10283 _d10283 |
||
| 003 | AR-CdUCM | ||
| 008 | 190329b ||||| |||| 00| 0 spa d | ||
| 040 |
_aMUNICIPALIDAD PROVINCIAL DEL CUSCO _cBIBLIOTECA MUNICIPAL DEL CUSCO |
||
| 082 |
_23ed _aEP / 800 / _bL55 |
||
| 245 | _aLeyendas épicas de los Germanos / | ||
| 260 |
_aBarcelona : _bEditorial Mateu, _c1961. |
||
| 300 |
_a270 páginas ; _bIlustraciones, _c19 cm. |
||
| 440 |
_aColección clásicos cadete _926852 |
||
| 505 | _aContenido: Profecías de la sabia Wola -- El canto solemne de Odin -- Dialogo de Odin con el sabio gigante Vafthrudnir -- El enano sabelotodo -- Disputa de los dioses con el maligno Loke... | ||
| 650 |
_aLeyendas alemanas _927057 |
||
| 650 |
_aLiteratura juvenil _91580 |
||
| 650 |
_aLiteratura nórdica _927058 |
||
| 700 |
_aBallester Escalas, R. (traducción, adaptación y notas) _926854 |
||
| 942 |
_2ddc _cLIBROS |
||
| 945 | _adavv | ||